Online katalóg knižníc regiónu Turca

Babinec s Alenou Heribanovou (Record no. 22200)

MARC details
000 -LEADER
fixed length control field 02121cam a2200613 a 4500
001 - CONTROL NUMBER
control field 22200
003 - CONTROL NUMBER IDENTIFIER
control field VRT
005 - DATE AND TIME OF LATEST TRANSACTION
control field 20260323130107.0
008 - FIXED-LENGTH DATA ELEMENTS--GENERAL INFORMATION
fixed length control field 240314s2002 xo o g 00000aslo
020 ## - INTERNATIONAL STANDARD BOOK NUMBER
International Standard Book Number 8088978831
Qualifying information (viaz.)
035 ## - SYSTEM CONTROL NUMBER
System control number VTK39352
039 #9 - LEVEL OF BIBLIOGRAPHIC CONTROL AND CODING DETAIL [OBSOLETE]
Level of rules in bibliographic description 202403140933
Level of effort used to assign nonsubject heading access points VLOAD
Level of effort used to assign subject headings 202204250839
Level of effort used to assign classification msnk170
Level of effort used to assign subject headings 202011161041
Level of effort used to assign classification msnk162
Level of effort used to assign subject headings 201712011430
Level of effort used to assign classification VLOAD
040 ## - CATALOGING SOURCE
Original cataloging agency VTHK
Language of cataloging slo
Transcribing agency VTHK
Modifying agency SNK
043 ## - GEOGRAPHIC AREA CODE
Geographic area code e-xo---
072 #7 - SUBJECT CATEGORY CODE
Subject category code 316.3
Subject category code subdivision Globálne spoločnosti. Sociálna štruktúra. Sociálne skupiny
Source konspekt
072 #7 - SUBJECT CATEGORY CODE
Subject category code 929
Subject category code subdivision Biografie
Source konspekt
080 ## - UNIVERSAL DECIMAL CLASSIFICATION NUMBER
Universal Decimal Classification number 316.346.2-055.2
Edition identifier MDT-MRF
080 ## - UNIVERSAL DECIMAL CLASSIFICATION NUMBER
Universal Decimal Classification number 613/614
Edition identifier MDT-MRF
080 ## - UNIVERSAL DECIMAL CLASSIFICATION NUMBER
Universal Decimal Classification number 613
Edition identifier MDT-MRF
080 ## - UNIVERSAL DECIMAL CLASSIFICATION NUMBER
Universal Decimal Classification number 17.023.34
Edition identifier MDT-MRF
080 ## - UNIVERSAL DECIMAL CLASSIFICATION NUMBER
Universal Decimal Classification number 005.966
Edition identifier MDT-MRF
080 ## - UNIVERSAL DECIMAL CLASSIFICATION NUMBER
Universal Decimal Classification number 111.85
Edition identifier MDT-MRF
080 ## - UNIVERSAL DECIMAL CLASSIFICATION NUMBER
Universal Decimal Classification number (048.8)
Edition identifier MDT-MRF
080 ## - UNIVERSAL DECIMAL CLASSIFICATION NUMBER
Universal Decimal Classification number 821.162.4-94
Edition identifier MDT-MRF
080 ## - UNIVERSAL DECIMAL CLASSIFICATION NUMBER
Universal Decimal Classification number (437.6)
Edition identifier MDT-MRF
080 ## - UNIVERSAL DECIMAL CLASSIFICATION NUMBER
Universal Decimal Classification number (0:82-94)
Edition identifier MDT-MRF
080 ## - UNIVERSAL DECIMAL CLASSIFICATION NUMBER
Universal Decimal Classification number 7.097
Edition identifier MDT-MRF
080 ## - UNIVERSAL DECIMAL CLASSIFICATION NUMBER
Universal Decimal Classification number 070.42:654.198]-055.2
Edition identifier MDT-MRF
100 1# - MAIN ENTRY--PERSONAL NAME
Personal name Heribanová, Alena,
Dates associated with a name 1955-
Relationship aut
245 10 - TITLE STATEMENT
Title Babinec s Alenou Heribanovou
Remainder of title o zdraví, šťastí, kariére, kráse aj o mužoch, ktorí ženy obdivujú
Statement of responsibility, etc. Alena Heribanová
250 ## - EDITION STATEMENT
Edition statement 1. vyd.
260 ## - PUBLICATION, DISTRIBUTION, ETC.
Place of publication, distribution, etc. Bratislava
Name of publisher, distributor, etc. Motýľ
Date of publication, distribution, etc. 2002
300 ## - PHYSICAL DESCRIPTION
Extent 221 s. , [24] s. fareb. fotogr. príl.
Other physical details fareb. fotogr.
Dimensions 21 cm
600 17 - SUBJECT ADDED ENTRY--PERSONAL NAME
Personal name Heribanová, Alena,
Dates associated with a name 1955-
Source of heading or term SNKMA
630 #7 - SUBJECT ADDED ENTRY--UNIFORM TITLE
Uniform title Babinec (televízny program)
Source of heading or term SNK
650 07 - SUBJECT ADDED ENTRY--TOPICAL TERM
Topical term or geographic name entry element ženy
Source of heading or term SNKPH
650 07 - SUBJECT ADDED ENTRY--TOPICAL TERM
Topical term or geographic name entry element zdravie
Source of heading or term SNKPH
650 07 - SUBJECT ADDED ENTRY--TOPICAL TERM
Topical term or geographic name entry element starostlivosť o zdravie
Source of heading or term SNKPH
650 07 - SUBJECT ADDED ENTRY--TOPICAL TERM
Topical term or geographic name entry element šťastie
Source of heading or term SNKPH
650 07 - SUBJECT ADDED ENTRY--TOPICAL TERM
Topical term or geographic name entry element rozvoj kariéry
Source of heading or term SNKPH
650 07 - SUBJECT ADDED ENTRY--TOPICAL TERM
Topical term or geographic name entry element krása
Source of heading or term SNKPH
650 07 - SUBJECT ADDED ENTRY--TOPICAL TERM
Topical term or geographic name entry element televízne moderátorky
Source of heading or term SNKPH
650 07 - SUBJECT ADDED ENTRY--TOPICAL TERM
Topical term or geographic name entry element televízne programy
Source of heading or term SNKPH
650 #7 - SUBJECT ADDED ENTRY--TOPICAL TERM
Topical term or geographic name entry element spomienky
Source of heading or term SNKPH
651 #7 - SUBJECT ADDED ENTRY--GEOGRAPHIC NAME
Geographic name Slovensko
Source of heading or term SNKPHgeo
655 #7 - INDEX TERM--GENRE/FORM
Genre/form data or focus term monografie
Source of term SNKPH
910 ## - USER-OPTION DATA (OCLC)
User-option data vthkonkat
910 ## - USER-OPTION DATA (OCLC)
User-option data bpksh
942 ## - ADDED ENTRY ELEMENTS (KOHA)
Source of classification or shelving scheme Dewey Decimal Classification
Koha item type Krásna literatúra pre dospelých
Suppress in OPAC No
949 ## - LOCAL PROCESSING INFORMATION (OCLC)
6 3869A00939
a bpksh159
b bpksh50654
949 ## - LOCAL PROCESSING INFORMATION (OCLC)
6 17A0472417
a snkSC 120341
b snk2005/9857
o 1186/05
949 ## - LOCAL PROCESSING INFORMATION (OCLC)
6 17A0472416
a snkSC 120341 D1
b snk2005/9858
o 1186/05
Holdings
Stav vyradenia Strata Poškodenie Spôsob nadobudnutia Domovská knižnica Aktuálna knižnica Dátum nadobudnutia Total checkouts Čiarový kód exemplára Date last seen Typ exemplára
      Dar Obecná knižnica Turčianska Štiavnička Obecná knižnica Turčianska Štiavnička 23.03.2026   4738000648 23.03.2026 Krásna literatúra pre dospelých
Projekt je podporený Slovenskou asociáciou knižníc
Prevádzkuje Turčianska knižnica Martin 2026